| 000 | 00370nam a2200133Ia 4500 | ||
|---|---|---|---|
| 003 | PILC | ||
| 008 | 220421s2012 xx 000 0 und d | ||
| 040 | _cEARIST LIBRARY | ||
| 100 |
_aWillie abaca bunag _91142 |
||
| 245 | 0 | _aSimplified Fundamentals Principles of correct Thinking / | |
| 260 |
_aJimcy Pub., _bMalabon City : _c2012. |
||
| 999 |
_c2584 _d2584 |
||
| 942 |
_2ddc _cBK |
||